| 000 | 00718nam a2200205Ia 4500 | ||
|---|---|---|---|
| 003 | GCL | ||
| 008 | 140319s9999 xx 000 0 ara d | ||
| 040 |
_aGCL / _cGCL |
||
| 082 | 0 | 4 |
_a327.112 _bم ا |
| 100 | 1 | _aكوبلاند، مايلز | |
| 245 | 1 | 0 |
_aاللاعب واللعبة: عالم الاستخبارات الامريكية فى اعترافات احد رجالاته / _cكوبلاند، مايلز |
| 260 |
_a[S.N] : _bدار الحمراء ، _c1990 |
||
| 300 | _a192 ص | ||
| 490 | _a | ||
| 650 | 0 | 4 | _aالولايات المتحدة الامريكية |
| 650 | 0 | 4 | _aالشرق الاوسط |
| 650 | 0 | 4 | _aوكالة المخابرات |
| 650 | 0 | 4 | _aجمال عبدالناصر |
| 942 |
_2ddc _cBK |
||
| 999 |
_c54622 _d54622 |
||